000 00988nam a2200253 a 4500
003 DO-SdBNP
005 20221107143704.0
007 ta
008 221107e2002 dr |||gr|||| 001 hdspa d
020 _a999347729x
040 _aDO-SdBNP
_bspa
_cBNPHU
082 4 _222
_bS246m
100 2 _978151
_aSarmiento Castro, Vicente,
_d1977-
245 1 3 _aLas mejores frases y refranes populares nacionales e internacionales. /
_cVicente Sarmiento Castro; Prólogo, Nicoláas Rodríguez Ramírez
260 _aSanto Domingo :
_bUniversitaria - UASD,
_c2002
300 _a189 p. ;
_c20 cm.
500 _aIncluye datos biográficos del autor en la contracubierta.
590 _aInventariado 2022 / MF
650 4 _951386
_aLiteratura Popular
_xRepública Dominicana
650 4 _978937
_aRefranes
_xRepública Dominicana
700 _967277
_aRodríguez Ramírez, Nicolás,
910 _aMFeliz
942 _2ddc
_cLBS1
999 _c52823
_d52823